| 000 | 00630nam a2200205 4500 | ||
|---|---|---|---|
| 001 | VA54565 | ||
| 003 | ES-SlBCS | ||
| 005 | 20210601161813.0 | ||
| 008 | 140520s1975 xxu||||| |||| 00| 0 spa d | ||
| 017 | _aM-11228-1975 | ||
| 020 | _a84-369-0390-0 | ||
| 041 | _aspa | ||
| 110 | 2 |
_aIncie _9405429 |
|
| 245 | 1 | 0 |
_aCircuito cerrado de televisión y enseñanza _b:II Plan Nacional de Investigaciones Educativas _cIncie |
| 260 |
_aMadrid : _bServicio de Publicaciones del Ministerio de Educación y Ciencia _c, 1975 |
||
| 300 |
_a109 p.; _c24 cm |
||
| 500 | _aDepósito 3 | ||
| 650 | 0 | 4 |
_aTelevisión-Enseñanza _9394322 |
| 942 | _cBK | ||
| 999 |
_c847197 _d847197 |
||